"Countries" by Letter - A - Statistics

General Stats
  • This quiz has been taken 47 times
  • The average score is 6 of 15
Answer Stats
Hint "Country" % Correct
Only continent with no permanent residents Antarctica
96%
The A in the ABC Islands Aruba
74%
Autonomous archipelago of Portugal Azores
61%
U.S. territory with a capital at Pago Pago American Samoa
50%
Breakaway region in northern Georgia Abkhazia
48%
Swedish-speaking archipelago in Finland Åland Islands
43%
Australian territory completely within New South Wales Australian Capital Territory
41%
Caribbean island just north of Saint Martin Anguilla
35%
Along with Dhakelhia, one of two British bases in Cyprus Akrotiri
28%
Isolated Atlantic island governed from Saint Helena Ascension Island
28%
Armenian region of Azerbaijan that dissolved in 2023 Artsakh
26%
One of the Channel Islands, governed under Guernsey Alderney
20%
Terrorist group holding territory in Syria and Yemen Al-Qaeda
13%
English-speaking region that broke away from Cameroon Ambazonia
9%
Autonomous republic of Georgia whose capital is Batumi Adjara
7%
No matching quizzes found
Score Distribution
Percent of People with Each Score
Percentile by Number Answered
Your Score History
You have not taken this quiz